Contabilidad y auditoría (Registro nro. 17093)
[ vista simple ]
| 000 -LEADER | |
|---|---|
| fixed length control field | 00322 a2200109 4500 |
| 001 - CONTROL NUMBER | |
| control field | ART_2076 |
| 005 - DATE AND TIME OF LATEST TRANSACTION | |
| control field | 20260410161722.0 |
| 008 - FIXED-LENGTH DATA ELEMENTS--GENERAL INFORMATION | |
| fixed length control field | 260409a |
| 100 1# - MAIN ENTRY--PERSONAL NAME | |
| Personal name | García, Sergio O. |
| 245 10 - TITLE STATEMENT | |
| Title | Contabilidad y auditoría |
| 773 0# - HOST ITEM ENTRY | |
| Title | Administración de empresas |
| Related parts | - Año XVII, Nº 202 (ene. 1987) |
| Record control number | REV2036 |
No hay ítems disponibles.